Contemporary oral and maxillofacial surgery / (Record no. 172416)

MARC details
000 -LEADER
fixed length control field 01037cam a2200301 i 4500
001 - CONTROL NUMBER
control field 20498695
003 - CONTROL NUMBER IDENTIFIER
control field OSt
005 - DATE AND TIME OF LATEST TRANSACTION
control field 20250919153040.0
008 - FIXED-LENGTH DATA ELEMENTS--GENERAL INFORMATION
fixed length control field 180516s2019 paua b 001 0 eng
020 ## - INTERNATIONAL STANDARD BOOK NUMBER
International Standard Book Number 9780323552219 (Hardcover)
Terms of availability USD 124.00
040 ## - CATALOGING SOURCE
Original cataloging agency DLC
Language of cataloging eng
Description conventions rda
Transcribing agency DLC
Modifying agency NUST
050 00 - LIBRARY OF CONGRESS CALL NUMBER
Classification number RK529 HUP
100 ## - MAIN ENTRY--PERSONAL NAME
Personal name Hupp, James R.
Relator term Author
245 00 - TITLE STATEMENT
Title Contemporary oral and maxillofacial surgery /
Statement of responsibility, etc. James R. Hupp, Edward Ellis III and Myron R. Tucker.
250 ## - EDITION STATEMENT
Edition statement Seventh edition.
260 ## - PUBLICATION, DISTRIBUTION, ETC.
Place of publication, distribution, etc. Philadelphia, PA :
Name of publisher, distributor, etc. Elsevier,
Date of publication, distribution, etc. ©2019.
300 ## - PHYSICAL DESCRIPTION
Extent xii, 708 pages :
Other physical details Illustrations ;
Dimensions 29 cm.
336 ## - CONTENT TYPE
Content type term text
Content type code txt
Source rdacontent
337 ## - MEDIA TYPE
Media type term unmediated
Media type code n
Source rdamedia
338 ## - CARRIER TYPE
Carrier type term volume
Carrier type code nc
Source rdacarrier
504 ## - BIBLIOGRAPHY, ETC. NOTE
Bibliography, etc. note Includes bibliographical references and index.
650 #0 - SUBJECT ADDED ENTRY--TOPICAL TERM
Topical term or geographic name entry element Mouth
General subdivision Surgery.
650 #0 - SUBJECT ADDED ENTRY--TOPICAL TERM
Topical term or geographic name entry element Maxilla
General subdivision Surgery.
650 #0 - SUBJECT ADDED ENTRY--TOPICAL TERM
Topical term or geographic name entry element Face
General subdivision Surgery.
700 1# - ADDED ENTRY--PERSONAL NAME
Personal name Ellis, Edward
Relator term Author
700 1# - ADDED ENTRY--PERSONAL NAME
Personal name Tucker, Myron R.
Relator term Author
942 ## - ADDED ENTRY ELEMENTS (KOHA)
Source of classification or shelving scheme Library of Congress Classification
Koha item type Ordinary Loan Books
Edition Seventh edition.
Classification part RK529 HUP
Call number prefix RK
Call number suffix CON
Suppress in OPAC No
Holdings
Withdrawn status Lost status Source of classification or shelving scheme Damaged status Not for loan Collection Home library Current library Shelving location Date acquired Source of acquisition Cost, normal purchase price Total Checkouts Full call number Barcode Date last seen Accession number Cost, replacement price Price effective from Koha item type Public note
    LCC     NFIC Medical Medical GEN 09/19/2025 Book Aid International 124.00   RK529 HUP 92004055894 09/19/2025 62283 124.00 09/19/2025 BOOKS Donation